00359nam a2200109Ia 4500008004100000082000800041100002200049245006200071942000600133952009500139999001500234240331s9999 xx 000 0 und d bMAK aPanikkar.K.N,. ed 4aThe Making of History :bEssays presented to Irfan Habib  cL 001040708LaWERCLbWERCLcSSCd2024-03-31l0o 954 MAKp6678r2024-03-31w2024-03-31yL c5671d5671